| 000 | 00554nam a22002057a 4500 | ||
|---|---|---|---|
| 003 | OSt | ||
| 005 | 20160510174746.0 | ||
| 008 | 160510b xxu||||| |||| 00| 0 eng d | ||
| 020 | _a0521570980 | ||
| 040 | _cDDC. | ||
| 082 | _a571.1SCH 1997. | ||
| 100 |
_a; _98687 |
||
| 245 |
_aAnimal Physiology: _bAdaptations and Environment. |
||
| 250 | _a5th ed. | ||
| 260 |
_aUK. _bcambridge University Press. _c1997. |
||
| 300 |
_avi,612p; _bill; _c25cm. |
||
| 504 | _aincludes references ,appendix and index. | ||
| 650 |
_aPhysiology. _9215 |
||
| 942 |
_2ddc _cSLOAN |
||
| 999 |
_c3968 _d3968 |
||